Epistemologia e verità (Record no. 95932)
[ view plain ]
| 000 -LEADER | |
|---|---|
| fixed length control field | 00763nam a2200277Ia 4500 |
| 001 - CONTROL NUMBER | |
| control field | D5696 |
| 003 - CONTROL NUMBER IDENTIFIER | |
| control field | IT-RoPAU |
| 008 - FIXED-LENGTH DATA ELEMENTS--GENERAL INFORMATION | |
| fixed length control field | 130308s9999 xx 000 0 und d |
| 040 ## - CATALOGING SOURCE | |
| Original cataloging agency | IT-RoPAU |
| 040 ## - CATALOGING SOURCE | |
| Transcribing agency | IT-RoPAU |
| 041 ## - LANGUAGE CODE | |
| Language code of text/sound track or separate title | ITALIANO |
| 100 ## - MAIN ENTRY--PERSONAL NAME | |
| Personal name | Davidson Donald |
| 100 ## - MAIN ENTRY--PERSONAL NAME | |
| Miscellaneous information | Codice Aut. SPICS: 7522 |
| 245 ## - TITLE STATEMENT | |
| Title | Epistemologia e verità |
| 245 ## - TITLE STATEMENT | |
| Remainder of title | Realismo/Antirealismo. Aspetti del Dibattito Epistemologico Contemporaneo |
| 250 ## - EDITION STATEMENT | |
| Edition statement | 1a ed. |
| 260 ## - PUBLICATION, DISTRIBUTION, ETC. (IMPRINT) | |
| Place of publication, distribution, etc. | FIRENZE |
| 260 ## - PUBLICATION, DISTRIBUTION, ETC. (IMPRINT) | |
| Name of publisher, distributor, etc. | La Nuova Italia |
| 260 ## - PUBLICATION, DISTRIBUTION, ETC. (IMPRINT) | |
| Date of publication, distribution, etc. | 1995 [1° Ed.:1995 - Ed.Ling.Originale:1995] |
| 300 ## - PHYSICAL DESCRIPTION | |
| Extent | "18 p. (prefazione: no ; testo: 18 [pagine: 21-38])" |
| 650 ## - SUBJECT ADDED ENTRY--TOPICAL TERM | |
| Topical term or geographic name as entry element | EPISTEMOLOGIA |
| 650 ## - SUBJECT ADDED ENTRY--TOPICAL TERM | |
| Relator term | Codice materia Spics: 3051 |
| 942 ## - ADDED ENTRY ELEMENTS (KOHA) | |
| Koha item type | LIBRO |
| 957 ## - | |
| -- | 1 |
| 999 ## - SYSTEM CONTROL NUMBERS (KOHA) | |
| -- | 1 |
| Withdrawn status | Lost status | Damaged status | Not for loan | Home library | Current library | Date acquired | Total Checkouts | Full call number | Date last seen | Price effective from | Koha item type | Public note |
|---|---|---|---|---|---|---|---|---|---|---|---|---|
| Buone Condizioni | Not For Loan | SPICS-MEDIATECA | SPICS-MEDIATECA | 08/03/2013 | D5696 | 08/03/2013 | 08/03/2013 | LIBRO | Progressivo inserimento: 1120 / Copie: 1 / data import: 1 marzo 2013 - By Epidotti, Trombetti, Vaglietti. |